000 00314nam a22001337a 4500
008 181005b xxu||||| |||| 00| 0 eng d
020 _a0262023016
041 _aeng
080 _a101
100 _a24
101 _aFIL
245 _aPhilosophical Perspectives on Newtonian Science
_cBricker, P
942 _2udc
_cBK
999 _c48886
_d48886